Language Quiz

Random Language or Puzzle Quiz

One-Minute Crossword VIII Quiz Stats

 Plays Quiz Updated Sep 7, 2017

Challenge
Share
Tweet
Score 0/16 Timer 01:00
1 Play Today
% Correct
P 
98.2%
O 
97%
N 
95.8%
E 
95.8%
O 
95.7%
H 
95.1%
O 
95%
E 
94.2%
% Correct
R 
91.7%
T 
91.3%
S 
90.8%
S 
90.5%
S 
90%
U 
88.3%
B 
85.9%
A 
82.8%

You're not logged in!

Compare scores with friends on all Sporcle quizzes.
OR
Log In

You Might Also Like...

Show Comments

Extras

Top Quizzes Today


Score Distribution

Your Account Isn't Verified!

In order to create a playlist on Sporcle, you need to verify the email address you used during registration. Go to your Sporcle Settings to finish the process.

Report this User

Report this user for behavior that violates our Community Guidelines.

Details: